Strategie przedsiebiorstw w okresie budowania gospodarki rynkowej
Uložené v:
| Ďalší autori: | |
|---|---|
| Médium: | Kniha |
| Jazyk: | Polish |
| Vydavateľské údaje: |
Poznan
Wydawnictwo Akademii Ekonomicznej w Poznaniu
1996
|
| Vydanie: | 1. wyd. |
| Edícia: | Zeszyty naukowe
Zeszyt 244 |
| Predmet: | |
| Tagy: |
Žiadne tagy, Buďte prvý, kto otaguje tento záznam!
|
MARC
| LEADER | 00000nam a2200000 4500 | ||
|---|---|---|---|
| 001 | c018340 | ||
| 005 | 20250509102722.6 | ||
| 041 | 0 | |a pol | |
| 044 | |a PL | ||
| 245 | 1 | 0 | |a Strategie przedsiebiorstw w okresie budowania gospodarki rynkowej |c Ved. red. Tadeusz Mendel |
| 250 | |a 1. wyd. | ||
| 264 | 1 | |a Poznan |b Wydawnictwo Akademii Ekonomicznej w Poznaniu |c 1996 | |
| 300 | |a 121 s. | ||
| 490 | 1 | |a Zeszyty naukowe |v Zeszyt 244 | |
| 830 | 0 | |a Zeszyty naukowe |v Zeszyt 244 | |
| 610 | 2 | 0 | |a stratégia podniková |
| 610 | 2 | 0 | |a hospodárstvo trhové |
| 610 | 2 | 0 | |a podnik |
| 610 | 2 | 0 | |a rozvoj podniku |
| 610 | 2 | 0 | |a organizácie neziskové |
| 610 | 2 | 0 | |a privatizácia |
| 610 | 2 | 0 | |a čas pracovný |
| 700 | 1 | |a Mendel, Tadeusz | |